The noble scholar, jurist, historian


 His Excellency Dr. Abdul Wahhab bin Ibrahim Abu Sulaiman, may Allah have mercy on him.


 He was born in Umm Al-Qura in the year 1356 AH.

ديوان البرعي / (Record no. 3287)

MARC details
000 -LEADER
fixed length control field 01245cam a22002891i 4500
003 - CONTROL NUMBER IDENTIFIER
control field SA-RiAUC
005 - DATE AND TIME OF LATEST TRANSACTION
control field 20241211061112.0
008 - FIXED-LENGTH DATA ELEMENTS--GENERAL INFORMATION
fixed length control field 241210s2007 le g 000 p ara c
040 ## - CATALOGING SOURCE
Original cataloging agency SA-JeALM
Language of cataloging ara
Transcribing agency SA-RiAUC.
Description conventions rda
072 #7 - SUBJECT CATEGORY CODE
Subject category code MAI
082 04 - DEWEY DECIMAL CLASSIFICATION NUMBER
Classification number 811.064
Assigning agency SA-RiAUC
090 ## - LOCALLY ASSIGNED LC-TYPE CALL NUMBER (OCLC); LOCAL CALL NUMBER (RLIN)
Classification number (OCLC) (R) ; Classification number, CALL (RLIN) (NR) 811.064
Local cutter number (OCLC) ; Book number/undivided call number, CALL (RLIN) ب ر ع
100 1# - MAIN ENTRY--PERSONAL NAME
Personal name البرعي، عبد الرحيم بن أحمد بن علي،
Dates associated with a name توفي 803 هجري
Relator term مؤلف.
245 10 - TITLE STATEMENT
Title ديوان البرعي /
Statement of responsibility, etc. عبد الرحيم بن أحمد بن علي البرعي اليمني ؛ عني به أنس محمد عدنان الشرقاوي.
250 ## - EDITION STATEMENT
Edition statement الطبعة الاولى :
264 #1 - PRODUCTION, PUBLICATION, DISTRIBUTION, MANUFACTURE, AND COPYRIGHT NOTICE
Place of production, publication, distribution, manufacture دمشق :
-- بيروت :
Name of producer, publisher, distributor, manufacturer دار السنابل،
-- دار الحاوي.
Date of production, publication, distribution, manufacture, or copyright notice 2007
300 ## - PHYSICAL DESCRIPTION
Extent 397 صفحة ؛
Dimensions 24 سم
336 ## - CONTENT TYPE
Content type term نص
Content type code txt
Source rdacontent
Materials specified كتاب
337 ## - MEDIA TYPE
Media type term بدون وسيط
Media type code n
Source rdamedia
338 ## - CARRIER TYPE
Carrier type term مجلد
Carrier type code nc
Source rdacarrier
500 ## - GENERAL NOTE
General note اهداء من احمد عبدالوهاب آشي في 20 / 5 / 1428 هـ
650 #7 - SUBJECT ADDED ENTRY--TOPICAL TERM
Topical term or geographic name entry element الشعر العربي الصوفي
Source of heading or term aucsh
650 #7 - SUBJECT ADDED ENTRY--TOPICAL TERM
Topical term or geographic name entry element الشعر الديني
Source of heading or term aucsh
700 1# - ADDED ENTRY--PERSONAL NAME
Personal name الشرقاوي، أنس محمد عدنان
Relator term مراجع.
942 ## - ADDED ENTRY ELEMENTS (KOHA)
Source of classification or shelving scheme Dewey Decimal Classification
Koha item type Books
Suppress in OPAC No
949 ## - LOCAL PROCESSING INFORMATION (OCLC)
a SA-JeALM
d 241210
u osman123
n 1
Holdings
Withdrawn status Lost status Source of classification or shelving scheme Damaged status Not for loan Home library Current library Date acquired Total checkouts Full call number Barcode Date last seen Price effective from Koha item type
    Dewey Decimal Classification     DR AbdElwahab Library DR AbdElwahab Library 12/11/2024   811.064 ب ر ع 000005218 12/11/2024 12/11/2024 Books